00342nam a2200145Ia 4500008004100000082002100041100002000062245001400082260002400096300000800120600002000128630001400148700002000162730001400182151018s9999 xx 000 0 und d bRBASDV18160a823 aMdville Herman aMoby Dick bplaymore Inc.c1979 a238 aMdville Herman aMoby Dick aMdville Herman aMoby Dick